[Event "HUN-chT2 Breyer 1718"]
[White "Mullner, Janos"]
[Black "Pais, Nimrod"]
[Site "Hungary"]
[Round "10.7"]
[Result "0-1"]
[Date "2018.03.25"]
[WhiteElo "1993"]
[BlackElo "1999"]
[PlyCount "94"]
[EventDate "2017.09.24"]
[EventType "team-tourn"]
[EventRounds "11"]
[EventCountry "HUN"]
[SourceTitle "EXT 2021"]
[Source "ChessBase"]
[SourceDate "2020.10.23"]
[SourceVersion "1"]
[SourceVersionDate "2020.10.23"]
[SourceQuality "1"]
[WhiteTeam "Torokbalint"]
[BlackTeam "Szekesfehervar"]
[WhiteTeamCountry "HUN"]
[BlackTeamCountry "HUN"]

1. d4 d5 2. c4 c6 3. Nf3 Nf6 4. e3 e6 5. Nc3 Bd6 6. Be2 Nbd7 7. cxd5 exd5 8. 0-0 0-0 9. Qc2 Re8 10. Rb1 Qe7 11. a3 Nf8 12. b4 a6 13. Bb2 Bg4 14. Ne5 Bxe2 15. Qxe2 Bxe5 16. dxe5 Qxe5 17. Nb5 Qe7 18. Bxf6 gxf6 19. Nd4 Qe4 20. Rbd1 Qg6 21. f4 Kh8 22. f5 Qh6 23. Rf3 Re4 24. Rh3 Rh4 25. Rxh4 Qxh4 26. g3 Qh6 27. a4 Re8 28. Nc2 Nd7 29. b5 axb5 30. axb5 Qg5 31. bxc6 bxc6 32. Qf1 Ne5 33. Re1 Qg4 34. Re2 Rb8 35. Rf2 Qe4 36. Qa1 Kg7 37. Qd1 Rb2 38. g4 c5 39. g5 fxg5 40. f6+ Kg6 41. h3 h5 42. Qc1 Nd3 43. Qa1 Nxf2 44. Qxb2 Nxh3+ 45. Kh2 Nf2 46. Qc3 h4 47. Qxc5 Qh1# 0-1

[Event "HUN-chT2 Breyer 1617"]
[White "Szinavel, Zsolt"]
[Black "Mullner, Janos"]
[Site "Hungary"]
[Round "4.9"]
[Result "1/2-1/2"]
[Date "2016.12.11"]
[WhiteElo "2081"]
[BlackElo "2001"]
[PlyCount "24"]
[EventDate "2016.10.30"]
[EventType "team-tourn"]
[EventRounds "9"]
[EventCountry "HUN"]
[SourceTitle "EXT 2021"]
[Source "ChessBase"]
[SourceDate "2020.10.23"]
[SourceVersion "1"]
[SourceVersionDate "2020.10.23"]
[SourceQuality "1"]
[WhiteTeam "Kisber Aszar"]
[BlackTeam "Torokbalint"]
[WhiteTeamCountry "HUN"]
[BlackTeamCountry "HUN"]

1. Nf3 Nf6 2. c4 c5 3. g3 g6 4. Bg2 Bg7 5. 0-0 0-0 6. Nc3 Nc6 7. d4 cxd4 8. Nxd4 Qa5 9. Nc2 d6 10. Ne3 Qh5 11. Re1 Ng4 12. Nxg4 Bxg4 1/2-1/2

[Event "HUN-chT2 Breyer 1213"]
[White "Grinacz, Aba Samuel"]
[Black "Mullner, Janos"]
[Site "Hungary"]
[Round "10.10"]
[Result "0-1"]
[Date "2013.04.07"]
[WhiteElo "1471"]
[BlackElo "1946"]
[PlyCount "96"]
[EventDate "2012.09.16"]
[EventType "team-tourn"]
[EventRounds "11"]
[EventCountry "HUN"]
[SourceTitle "EXT 2014"]
[Source "ChessBase"]
[SourceDate "2013.11.20"]
[SourceVersion "1"]
[SourceVersionDate "2013.11.20"]
[SourceQuality "1"]
[WhiteTeam "Zoltek"]
[BlackTeam "Biatorbagy"]
[WhiteTeamCountry "HUN"]
[BlackTeamCountry "HUN"]

1. e4 c6 2. Nf3 d5 3. exd5 cxd5 4. d4 Bg4 5. Be2 Nf6 6. Nc3 e6 7. 0-0 Be7 8. Bf4 Nc6 9. Ne5 Bxe2 10. Nxe2 0-0 11. Re1 Rc8 12. c3 Nd7 13. Nxd7 Qxd7 14. Nc1 b5 15. a3 a5 16. Nd3 Qb7 17. Qd2 b4 18. axb4 axb4 19. Rab1 Ra8 20. Rec1 Qb5 21. g3 Ra2 22. Qd1 Rfa8 23. Ne5 Nxe5 24. Bxe5 bxc3 25. bxc3 Rb2 26. Rxb2 Qxb2 27. Qc2 Qxc2 28. Rxc2 Rc8 29. Bf4 f6 30. Rc1 Ba3 31. Rc2 Bb4 32. Rc1 Rxc3 33. Rxc3 Bxc3 34. Be3 e5 35. dxe5 fxe5 36. Bc5 Kf7 37. Kf1 g5 38. Ke2 Ke6 39. g4 e4 40. Be3 Bf6 41. f3 Ke5 42. fxe4 Kxe4 43. Bd2 d4 44. h3 d3+ 45. Kf2 Bd4+ 46. Ke1 Be3 47. Bc3 Kf3 48. Bf6 Kg3 0-1

[Event "HUN-chT2 Breyer 1213"]
[White "Mullner, Janos"]
[Black "Lakatos, Peter"]
[Site "Hungary"]
[Round "6.9"]
[Result "1-0"]
[Date "2013.01.27"]
[WhiteElo "1946"]
[BlackElo "1834"]
[PlyCount "47"]
[EventDate "2012.09.16"]
[EventType "team-tourn"]
[EventRounds "11"]
[EventCountry "HUN"]
[SourceTitle "EXT 2014"]
[Source "ChessBase"]
[SourceDate "2013.11.20"]
[SourceVersion "1"]
[SourceVersionDate "2013.11.20"]
[SourceQuality "1"]
[WhiteTeam "Biatorbagy"]
[BlackTeam "Torokbalint"]
[WhiteTeamCountry "HUN"]
[BlackTeamCountry "HUN"]

1. d4 d5 2. c4 c6 3. e3 Nf6 4. Nc3 Bf5 5. Nf3 e6 6. Be2 Bd6 7. Qb3 b6 8. Bd2 Nbd7 9. Rc1 Rc8 10. Qa4 dxc4 11. Qxc4 c5 12. Qa4 cxd4 13. exd4 0-0 14. 0-0 Qe7 15. Ba6 Rcd8 16. Nb5 Nd5 17. Nxd6 Qxd6 18. Rc6 Qb8 19. Rfc1 e5 20. Bc4 exd4 21. Bxd5 Nc5 22. Qc4 Bd3 23. Qxd4 Be4 24. Bc3 1-0

[Event "HUN-chT2 Breyer 1011"]
[White "Mullner, Janos"]
[Black "D Albini, Geza"]
[Site "Hungary"]
[Round "8.8"]
[Result "1/2-1/2"]
[Date "2011.04.10"]
[WhiteElo "1994"]
[BlackElo "2080"]
[PlyCount "48"]
[EventDate "2010.09.12"]
[EventType "team-tourn"]
[EventRounds "11"]
[EventCountry "HUN"]
[SourceTitle "EXT 2012"]
[Source "ChessBase"]
[SourceDate "2011.11.24"]
[SourceVersion "1"]
[SourceVersionDate "2011.11.24"]
[SourceQuality "1"]
[WhiteTeam "Biatorbagy"]
[BlackTeam "Vizugy"]
[WhiteTeamCountry "HUN"]
[BlackTeamCountry "HUN"]

1. d4 d5 2. c4 c6 3. e3 Bf5 4. Nf3 e6 5. Nc3 Nf6 6. cxd5 exd5 7. Ne5 Bd6 8. f4 0-0 9. Be2 Ne4 10. 0-0 Nd7 11. Nxe4 Bxe4 12. Bd2 f6 13. Nxd7 Qxd7 14. Rc1 Rfe8 15. b4 a6 16. Rf2 Qe7 17. Qb3 Rac8 18. a4 g6 19. g4 Kg7 20. a5 Bb8 21. Qc3 Bd6 22. Qb3 Bb8 23. Qc3 Bd6 24. Qb3 Bb8 1/2-1/2